000 00293nam a2200133Ia 4500
005 20251222155130.0
008 251222s9999||||xx |||||||||||||| ||spa||
082 _aREL.07
100 _aBERNHARD H.
245 0 _aLa Ley de Cristo II
250 _a1ra. ed.
264 _bHerder
942 _cLIB
999 _c38794
_d38794